Normal view
MARC view
Entry Topical Term
001 - CONTROL NUMBER
- control field: 15001
003 - CONTROL NUMBER IDENTIFIER
- control field: OSt
005 - DATE AND TIME OF LATEST TRANSACTION
- control field: 20191227162329.0
008 - FIXED-LENGTH DATA ELEMENTS
- fixed length control field: 191227|| aca||aabn | a|a d
040 ## - CATALOGING SOURCE
- Original cataloging agency: OSt
- Transcribing agency: OSt
150 ## - HEADING--TOPICAL TERM
- Topical term or geographic name entry element: Child welfare
670 ## - SOURCE DATA FOUND
- Source citation: Work cat.: (OSt)508924: Nagalaxmibai, K.G. 4450, Babies on sale, 2010
